Nguyên lý sinh học của năng suất động vật

Đã lưu trong:
Bibliografiske detaljer
Hovedforfatter: J Hammond
Format: Bog
Sprog:Undetermined
Udgivet: Hà Nội KHKT 1975
Fag:
Tags: Tilføj Tag
Ingen Tags, Vær først til at tagge denne postø!
Thư viện lưu trữ: Trung tâm Học liệu Trường Đại học Cần Thơ
LEADER 00530nam a2200169Ia 4500
001 CTU_13468
008 210402s9999 xx 000 0 und d
082 |a 636.028 
082 |b H226 
100 |a J Hammond 
245 0 |a Nguyên lý sinh học của năng suất động vật 
245 0 |c J Hammond, F Haring, I Johansson; Dịch giả: Nguyễn Mười 
260 |a Hà Nội 
260 |b KHKT 
260 |c 1975 
650 |a zoology - physiology 
980 |a Trung tâm Học liệu Trường Đại học Cần Thơ